Производство червячных передач

Podrobná bibliografie
Hlavní autor: Сандлер А. И. Александр Исерович
Další autoři: Лагутин С. А. Сергей Абрамович (редактор), Верховский А. В. Александр Владимирович
Shrnutí:Рассмотрены особенности технологии производства червячных передач, в том числе многозаходных и крупномодульных — с цилиндрическим червяком, а также глобоидных передач.Изложены вопросы проектирования и реализации локализованного контакта в червячной передаче, обеспечения эксплуатационной стойкости и технологичности изготовления червячных фрез для червячных колес на стадии проектирования, формирования взаимосвязанных допусков на элементы профиля винтовой поверхности витка червяка и производящей поверхности фрезы.Подробно описаны операции формообразования винтовой поверхности рабочего червяка передачи и производящей поверхности фрезы: шлифование винтовых передних поверхностей и радиально-осевое затылование боковых поверхностей зубьев. Изложены методы решения технологических вопросов изготовления фрез для нарезания колес глобоидных передач, а также инструментального обеспечения производства червячных передач с жидкостным трением.Для инженерно-технических работников машиностроительных и инструментальных предприятий, а также для студентов и аспирантов ВУЗов.
Jazyk:ruština
Vydáno: Москва, Машиностроение, 2008
Témata:
Médium: MixedMaterials Kniha
KOHA link:https://koha.lib.tpu.ru/cgi-bin/koha/opac-detail.pl?biblionumber=141180

MARC

LEADER 00000nam0a2200000 4500
001 141180
005 20231101220910.0
010 |a 9785217034116 
035 |a (RuTPU)RU\TPU\book\153025 
090 |a 141180 
100 |a 20080804d2008 km y0rusy50 ca 
101 0 |a rus 
102 |a RU 
105 |a a z 001zy 
200 1 |a Производство червячных передач  |f А. И. Сандлер, С. А. Лагутин, А. В. Верховский  |g под ред. С. А. Лагутина 
210 |a Москва  |c Машиностроение  |d 2008 
215 |a 272 с.  |c ил. 
320 |a Библиогр.: с. 268-271. 
330 |a Рассмотрены особенности технологии производства червячных передач, в том числе многозаходных и крупномодульных — с цилиндрическим червяком, а также глобоидных передач.Изложены вопросы проектирования и реализации локализованного контакта в червячной передаче, обеспечения эксплуатационной стойкости и технологичности изготовления червячных фрез для червячных колес на стадии проектирования, формирования взаимосвязанных допусков на элементы профиля винтовой поверхности витка червяка и производящей поверхности фрезы.Подробно описаны операции формообразования винтовой поверхности рабочего червяка передачи и производящей поверхности фрезы: шлифование винтовых передних поверхностей и радиально-осевое затылование боковых поверхностей зубьев. Изложены методы решения технологических вопросов изготовления фрез для нарезания колес глобоидных передач, а также инструментального обеспечения производства червячных передач с жидкостным трением.Для инженерно-технических работников машиностроительных и инструментальных предприятий, а также для студентов и аспирантов ВУЗов. 
606 1 |a Червячные передачи  |2 stltpush  |3 (RuTPU)RU\TPU\subj\72870  |9 86243 
610 1 |a производство 
610 1 |a технология 
610 1 |a фрезы 
610 1 |a проектирование 
610 1 |a эксплуатационные характеристики 
610 1 |a изготовление 
610 1 |a технологичность 
610 1 |a зубья 
610 1 |a винтовые поверхности 
610 1 |a шлифование 
610 1 |a затылование 
610 1 |a глобоидные передачи 
610 1 |a колеса 
610 1 |a нарезание 
610 1 |a инструментальное обеспечение 
610 1 |a конструкторско-технологическая документация 
675 |a 621.833.38  |v 3 
700 1 |a Сандлер  |b А. И.  |g Александр Исерович 
701 1 |a Лагутин  |b С. А.  |g Сергей Абрамович 
701 1 |a Верховский  |b А. В.  |g Александр Владимирович 
702 1 |a Лагутин  |b С. А.  |g Сергей Абрамович  |4 340 
801 1 |a RU  |b 63413507  |c 20080804  |g PSBO 
801 2 |a RU  |b 63413507  |c 20201027  |g PSBO 
900 |a Технология машиностроительного производства 
900 |a Технология машиностроения 
942 |c BK